[Event "Penang op-B 9th"]
[Site "Penang"]
[Date "2017.12.06"]
[Round "4"]
[White "Chan, Yung Kang Jerome"]
[Black "Yeop, Mat Zaki"]
[Result "1-0"]
[WhiteElo "1761"]
[BlackElo "1572"]
[PlyCount "127"]
[EventDate "2017.12.04"]
[EventType "swiss"]
[EventRounds "9"]
[EventCountry "MAS"]
[SourceTitle "CBM 182 Extra"]
[Source "ChessBase"]
[SourceDate "2018.02.23"]
[SourceVersion "1"]
[SourceVersionDate "2018.02.23"]
[SourceQuality "1"]

1. e4 d5 2. exd5 Qxd5 3. Nc3 Qd8 4. Bc4 Nf6 5. d4 c6 6. Nf3 Bf5 7. 0-0 e6 8. Bf4 Nbd7 9. Qd2 Be7 10. h3 0-0 11. Rae1 Nb6 12. b3 Nbd5 13. Bxd5 Nxd5 14. Nxd5 Qxd5 15. c4 Qd8 16. g4 Bg6 17. Ne5 a5 18. c5 Bf6 19. Nxg6 hxg6 20. Bd6 Re8 21. f4 Be7 22. Bxe7 Rxe7 23. Rf2 Rd7 24. Rd1 Rd5 25. Re2 Qc7 26. Re5 Rad8 27. Qe3 Qd7 28. Rxd5 Qxd5 29. Kf2 Qd7 30. Qe5 Rc8 31. h4 Qc7 32. Qxc7 Rxc7 33. Rc1 Rc8 34. Rc4 Kf8 35. Ra4 Ra8 36. b4 Ke7 37. bxa5 Kd7 38. Kf3 Ke7 39. Rb4 Ra7 40. Rb6 Kd7 41. f5 gxf5 42. gxf5 exf5 43. Kf4 Kc7 44. Kxf5 Rxa5 45. Rb2 Ra3 46. Rf2 Re3 47. Kf4 Re6 48. Rg2 Rf6+ 49. Ke3 Re6+ 50. Kd3 g6 51. Rf2 f5 52. a4 Kd7 53. a5 Rf6 54. Ke3 Ke7 55. Rb2 Re6+ 56. Kf3 Re4 57. Rxb7+ Ke6 58. Rb4 Rxh4 59. d5+ Kxd5 60. Rxh4 Kxc5 61. Ra4 Kb5 62. Ra1 Ka6 63. Rc1 Kb5 64. a6 1-0

[Event "Shah Alam Challenger"]
[Site "Shah Alam"]
[Date "2016.01.24"]
[Round "3"]
[White "Singh, Kabir"]
[Black "Yeop, Mat Zaki"]
[Result "1-0"]
[WhiteElo "1666"]
[BlackElo "1652"]
[PlyCount "53"]
[EventDate "2016.01.23"]
[EventType "swiss"]
[EventRounds "9"]
[EventCountry "MAS"]
[SourceTitle "EXT 2017"]
[Source "ChessBase"]
[SourceDate "2016.10.25"]
[SourceVersion "1"]
[SourceVersionDate "2016.10.25"]
[SourceQuality "1"]

1. e4 c6 2. d4 d5 3. exd5 cxd5 4. Bd3 Nc6 5. c3 Nf6 6. Bf4 Bg4 7. Qb3 b6 8. Nd2 e6 9. Ngf3 Bxf3 10. Nxf3 Bd6 11. Bb5 Qd7 12. Bxd6 Qxd6 13. Ne5 0-0 14. Bxc6 Rac8 15. Bb5 Ne4 16. Bd3 f5 17. Bxe4 fxe4 18. 0-0 Qe7 19. Rae1 Rf5 20. Qc2 Rcf8 21. f3 Qg5 22. Qe2 Qh5 23. Qe3 Rf4 24. fxe4 Qg5 25. Rxf4 Rxf4 26. exd5 exd5 27. Nf3 1-0

[Event "Shah Alam Challenger"]
[Site "Shah Alam"]
[Date "2016.01.24"]
[Round "4"]
[White "Yeop, Mat Zaki"]
[Black "Abd Rahim Yeo, Ahmad Justin"]
[Result "0-1"]
[WhiteElo "1652"]
[BlackElo "1583"]
[PlyCount "66"]
[EventDate "2016.01.23"]
[EventType "swiss"]
[EventRounds "9"]
[EventCountry "MAS"]
[SourceTitle "EXT 2017"]
[Source "ChessBase"]
[SourceDate "2016.10.25"]
[SourceVersion "1"]
[SourceVersionDate "2016.10.25"]
[SourceQuality "1"]

1. d4 Nf6 2. e3 g6 3. Bc4 Bg7 4. b3 0-0 5. Bb2 d5 6. Bd3 b6 7. Qe2 c5 8. f4 Nc6 9. c3 Qc7 10. a3 a5 11. Nf3 Ne4 12. 0-0 Nd6 13. a4 c4 14. bxc4 Nxc4 15. Bxc4 dxc4 16. e4 Ba6 17. Nbd2 b5 18. axb5 Bxb5 19. Qf2 Qxf4 20. Qe2 Bh6 21. Rae1 Qc7 22. Rf2 a4 23. Ba3 Na5 24. e5 Nb3 25. Ne4 Qa5 26. Qc2 Qa7 27. Ref1 Be3 28. Nfg5 h6 29. Kh1 Bxf2 30. Rxf2 hxg5 31. Rf6 Nxd4 32. cxd4 Qxd4 33. Bxe7 Qa1+ 0-1

[Event "Shah Alam Challenger"]
[Site "Shah Alam"]
[Date "2016.01.23"]
[Round "1"]
[White "Chin, Yi Hao"]
[Black "Yeop, Mat Zaki"]
[Result "1/2-1/2"]
[WhiteElo "1389"]
[BlackElo "1652"]
[PlyCount "53"]
[EventDate "2016.01.23"]
[EventType "swiss"]
[EventRounds "9"]
[EventCountry "MAS"]
[SourceTitle "EXT 2017"]
[Source "ChessBase"]
[SourceDate "2016.10.25"]
[SourceVersion "1"]
[SourceVersionDate "2016.10.25"]
[SourceQuality "1"]

1. e4 d6 2. d4 Nf6 3. Nc3 e5 4. dxe5 dxe5 5. Qxd8+ Kxd8 6. Nf3 Bd6 7. Be3 c6 8. 0-0-0 Ke7 9. Bc4 Be6 10. Bxe6 fxe6 11. Rd3 Nbd7 12. Rhd1 Bc7 13. h3 h6 14. Nd2 b5 15. f3 Rhd8 16. Nb3 Bb6 17. Bxb6 axb6 18. Kb1 Ra7 19. Rd6 b4 20. Ne2 c5 21. c3 c4 22. Nbc1 bxc3 23. Nxc3 Ra5 24. Rc6 Ne8 25. a3 b5 26. N3a2 Rda8 27. Nb4 1/2-1/2